Замыкание ядерного топливного цикла в преодолении мирового дефицита энергоресурсов; Ч. 1; Современные оценки энергопотребления и энергоресурсов; Известия Томского политехнического университета [Известия ТПУ]; Т. 319, № 4 : Энергетика
| Parent link: | Известия Томского политехнического университета [Известия ТПУ]/ Томский политехнический университет (ТПУ).— , 2000- Т. 319, № 4 : Энергетика.— 2011.— [С. 13-16] |
|---|---|
| Tác giả chính: | |
| Tác giả khác: | , |
| Tóm tắt: | Заглавие с титульного листа Электронная версия печатной публикации Приводятся данные экспертных оценок глобального потребления энергии на душу населения, структуры и динамики изменения мирового энергопотребления. Анализ структуры мирового обеспечения энергоресурсов показывает их нарастающий дефицит. |
| Ngôn ngữ: | Tiếng Nga |
| Được phát hành: |
2011
|
| Loạt: | Энергетика |
| Những chủ đề: | |
| Truy cập trực tuyến: | http://www.lib.tpu.ru/fulltext/v/Bulletin_TPU/2011/v319/i4/02.pdf |
| Định dạng: | Điện tử Chương của sách |
| KOHA link: | https://koha.lib.tpu.ru/cgi-bin/koha/opac-detail.pl?biblionumber=205908 |
MARC
| LEADER | 00000nla2a2200000 4500 | ||
|---|---|---|---|
| 001 | 205908 | ||
| 005 | 20240115112619.0 | ||
| 035 | |a (RuTPU)RU\TPU\book\224439 | ||
| 035 | |a RU\TPU\book\224437 | ||
| 090 | |a 205908 | ||
| 100 | |a 20111220d2011 k y0rusy50 ca | ||
| 101 | 0 | |a rus | |
| 102 | |a RU | ||
| 135 | |a drnn ---uucaa | ||
| 181 | 0 | |a i | |
| 182 | 0 | |a b | |
| 200 | 1 | |a Замыкание ядерного топливного цикла в преодолении мирового дефицита энергоресурсов |h Ч. 1 |i Современные оценки энергопотребления и энергоресурсов |f Г. И. Полтараков, Р. Е. Водянкин, А. В. Кузьмин | |
| 203 | |a Текст |c электронный | ||
| 215 | |a 1 файл (265 Кб) | ||
| 225 | 1 | |a Энергетика | |
| 300 | |a Заглавие с титульного листа | ||
| 300 | |a Электронная версия печатной публикации | ||
| 320 | |a [Библиогр.: с. 16 (14 назв.)] | ||
| 330 | |a Приводятся данные экспертных оценок глобального потребления энергии на душу населения, структуры и динамики изменения мирового энергопотребления. Анализ структуры мирового обеспечения энергоресурсов показывает их нарастающий дефицит. | ||
| 337 | |a Adobe Reader | ||
| 461 | 1 | |0 (RuTPU)RU\TPU\book\176237 |t Известия Томского политехнического университета [Известия ТПУ] |f Томский политехнический университет (ТПУ) |d 2000- | |
| 463 | 1 | |0 (RuTPU)RU\TPU\book\224153 |x 1684-8519 |t Т. 319, № 4 : Энергетика |v [С. 13-16] |d 2011 |p 190 с. | |
| 610 | 1 | |a энергопотребление | |
| 610 | 1 | |a энергоресурсы | |
| 610 | 1 | |a экспертные оценки | |
| 610 | 1 | |a ядерный топливный цикл | |
| 610 | 1 | |a мировое энергообеспечение | |
| 610 | 1 | |a мировое энергохозяйство | |
| 610 | 1 | |a мировое потребление | |
| 610 | 1 | |a дефицит | |
| 610 | 1 | |a глобальная энергетическая безопасность | |
| 610 | 1 | |a труды учёных ТПУ | |
| 610 | 1 | |a электронный ресурс | |
| 700 | 1 | |a Полтараков |b Г. И. | |
| 701 | 1 | |a Водянкин |b Р. Е. |c специалист в области ядерных установок |f 1987- |g Роман Евгеньевич |3 (RuTPU)RU\TPU\pers\29031 | |
| 701 | 1 | |a Кузьмин |b А. В. |c специалист в области теплоэнергетики |c доцент Томского политехнического университета, кандидат технических наук |f 1942- |g Ариан Валерьевич |3 (RuTPU)RU\TPU\pers\25529 |9 11459 | |
| 801 | 1 | |a RU |b 63413507 |c 20090623 |g PSBO | |
| 801 | 2 | |a RU |b 63413507 |c 20211229 |g PSBO | |
| 856 | 4 | |u http://www.lib.tpu.ru/fulltext/v/Bulletin_TPU/2011/v319/i4/02.pdf | |
| 942 | |c CF | ||